2019 NHL All Stars - Statistics

General Stats
  • This quiz has been taken 239 times
  • The average score is 17 of 44
Answer Stats
Division Player % Correct
Sidney Crosby
81%
Connor McDavid
78%
Auston Matthews
76%
Nikita Kucherov
67%
Steven Stamkos
66%
Central Patrick Kane
65%
Erik Karlsson
61%
Nathan MacKinnon
59%
Leon Draisaitl
54%
John Tavares
51%
David Pastrnak
50%
Atlantic Jack Eichel
50%
Pekka Rinne
50%
Brent Burns
48%
Mathew Barzal
44%
Roman Josi
44%
Marc-Andre Fleury
43%
Pacific Johnny Gaudreau
40%
Braden Holtby
39%
Elias Pettersson
39%
Henrik Lundqvist
38%
Metropolitan Sebastian Aho
38%
Kris Letang
37%
Drew Doughty
36%
Joe Pavelski
36%
John Carlson
36%
Claude Giroux
34%
Gabriel Landeskog
34%
Mikko Rantanen
33%
Seth Jones
32%
Andrei Vasilevsky
31%
Ryan O'Reilly
31%
Blake Wheeler
28%
John Gibson
27%
Devan Dubnyk
23%
Mark Scheifele
21%
Clayton Keller
20%
Miro Heiskanen
20%
Jeff Skinner
17%
Jimmy Howard
17%
Thomas Chabot
17%
Keith Yandle
15%
Cam Atkinson
14%
Kyle Palmieri
10%
No matching quizzes found
Score Distribution
Percent of People with Each Score
Percentile by Number Answered
Your Score History
You have not taken this quiz